000 00740nam a2200217Ia 4500
008 130821s2004 sp gr spa
020 _a8496095541
040 _aCo-BoUCM
_bspa
041 0 0 _aspa
100 1 _aSantos, Care.
_9161539
245 1 0 _aDéjame terminar ahora hablan ellas
_cCare Santos; traducción de Deni Olmedo
260 _aBarcelona (España)
_bEl Cobre Ediciones
_c2004
300 _a245 páginas
650 0 4 _aFeminidad (Psicología)
_915627
650 0 4 _aMujeres
_xRelaciones con hombres
_919882
650 0 4 _aPsicología de la mujer
_922813
650 0 4 _aRoles sexuales
_923839
650 0 4 _aSexo (Psicología)
_924360
942 _cLIBRO
_a3
_e1
_mS237d
_2DEWEY
_h155.633
_n0
999 _c44422
_d44422